| 000 | 00614aab a2200181 i 4500 | ||
|---|---|---|---|
| 001 | 768714001 | ||
| 003 | CO-MdFUSB | ||
| 005 | 20250729172125.0 | ||
| 008 | 250729t1988 ag ||||| |||| 00| 0 spa d | ||
| 040 |
_bspa _cCO-MdFUSB |
||
| 100 | 1 |
_aDeiros, Pablo A. (Alberto) (1945-) _eautor |
|
| 245 | 1 | 3 |
_aEl mundo religioso de los aztecas _c/ Pablo A. Deiros |
| 300 |
_aVolumen 7, número 2 (junio, 1988), páginas: 22-25 _c; 27 cm |
||
| 650 | _vReligión y cultura | ||
| 773 | 0 |
_tIglesia y Misión _049402 _959672 _gVolumen 7, número 2 (junio, 1988), páginas: 22-25 _qpáginas: 22- |
|
| 942 | _cANA | ||
| 945 | _aJTF-925 | ||
| 999 |
_c51763 _d51763 |
||